000 00663nam a22002297a 4500
003 OSt
005 20140310181948.0
008 121120t xxu||||| |||| 00| 0 eng d
020 _a0553154559
050 _aPZ 7
_b.D131 1972
082 _aKF D13c
_b1972
100 _aDahl, Roald
_93827
245 _aCharlie and the great glass elevator /
_cRoald Dahl ; illustrated by Michael Foreman
260 _aToronto :
_bA Bantam Books,
_cc1972.
300 _a164 p.
_bill. ;
_c19 cm.
541 _j1
562 _e1
650 _aOuter space
_xFiction
_94105
650 _aScience fiction
_93490
650 _aHumorous stories
_93831
942 _2lcc
_cBK-KF
_kKF
999 _c7809
_d7809